سبزہ و گل / (Record no. 107145)

MARC details
000 -LEADER
fixed length control field 00890nam a22002657a 4500
005 - DATE AND TIME OF LATEST TRANSACTION
control field 20170123162322.0
010 ## - LIBRARY OF CONGRESS CONTROL NUMBER
LC control number A-842640
020 ## - INTERNATIONAL STANDARD BOOK NUMBER
Terms of availability 16.00
035 ## - SYSTEM CONTROL NUMBER
System control number A-842640
037 ## - SOURCE OF ACQUISITION
Source of stock number/acquisition Cen Lib/Ret
040 ## - CATALOGING SOURCE
Original cataloging agency DPL
Language of cataloging UR
082 ## - DEWEY DECIMAL CLASSIFICATION NUMBER
Classification number 841.092
Item number ر ء ی
100 ## - MAIN ENTRY--PERSONAL NAME
Personal name رییس الدین فریدی
9 (RLIN) 814
245 ## - TITLE STATEMENT
Title سبزہ و گل /
Statement of responsibility, etc رییس الدین فریدی
246 ## - VARYING FORM OF TITLE
Title proper/short title Sabzah v gul /
Remainder of title by Rayiesudeen Fareedi
260 ## - PUBLICATION, DISTRIBUTION, ETC. (IMPRINT)
Place of publication, distribution, etc کلکتہ
Name of publisher, distributor, etc مغربی بنگال اردو اکیڈمی
Date of publication, distribution, etc 1986
270 ## - ADDRESS
City کلکتہ
300 ## - PHYSICAL DESCRIPTION
Extent 260p.
Dimensions 21cm(Hb)
490 ## - SERIES STATEMENT
Series statement مغربی بنگال اردو اکادمی کا سلسلہ مطبوعات نمبر
650 ## - SUBJECT ADDED ENTRY--TOPICAL TERM
Topical term or geographic name as entry element اردو ادب
9 (RLIN) 117496
650 ## - SUBJECT ADDED ENTRY--TOPICAL TERM
Topical term or geographic name as entry element اردونظم
9 (RLIN) 117497
650 ## - SUBJECT ADDED ENTRY--TOPICAL TERM
Topical term or geographic name as entry element Urdu literature
9 (RLIN) 117498
650 ## - SUBJECT ADDED ENTRY--TOPICAL TERM
Topical term or geographic name as entry element Urdu poetry
9 (RLIN) 117499
942 ## - ADDED ENTRY ELEMENTS (KOHA)
Source of classification or shelving scheme Dewey Decimal Classification
Koha item type Urdu Bks
Classification part 841.092
Call number suffix ر ء ی
Holdings
Withdrawn status Lost status Damaged status Not for loan Home library Current library Date acquired Source of acquisition Cost, normal purchase price Total Checkouts Full call number Barcode Date last seen Copy number Cost, replacement price Price effective from Koha item type
        Central Library Central Library 04/01/2016 Cen Lib/Ret 16.00   841.092 ر ء ی A-842640 04/01/2016 1 16.00 04/01/2016 Urdu Bks

© Delhi Public Library
Hit Counter
free hit counter